Responses for Show #4804 - Thursday, June 23, 2005

Contestants

[<< previous game]

Brandy Shattuck, a medical student originally from Newaygo, Michigan

David Tambling, a strategic planning manager from Menlo Park, California

Mike Bober, a political fundraiser from Arlington, Virginia (whose 2-day cash winnings total $25,602)

[next game >>]

Jeopardy! Round responses

BODIES OF WATER
TOP 40 LAST NAMES
AWARDS
QUOTATIONS
NOODLE DISHES
5-SYLLABLE WORDS
    $200 7
the Caribbean

Brandy
    $200 12
Davis

Brandy
    $200 26
eBay

Brandy
    $200 17
Abraham Lincoln

David
    $200 1
Macaroni & Cheese

Brandy
    $200 6
an underachiever

David
    $400 8
the Indian Ocean

Mike
    $400 13
Cole

Brandy
    $400 27
The Washington Post

Mike
    $400 18
Casey Stengel

David
    $400 2
Fettuccine Alfredo

Brandy
    $400 22
an appendectomy

David
    $600 9
the Suez Canal

Brandy
    $600 14
Clark

Brandy
    $600 28
hydrogen

Mike
    $600 19
Martin Luther King, Jr.

Mike
    $600 3
Pad Thai

David
    $600 23
a cosmopolitan

Brandy
    $800 10
Lake Huron

Brandy
    $800 15
(David: What is Raitt?)

Tyler

DavidBrandy
    $800 29
(Brandy: What are doctors?)
...
(Alex: What are [*]? The lady... the lamp.)

nurses

Brandy
Triple Stumper
    $800 20
Dr. Seuss

Mike
    $800 4
kugel

Mike
    $800 24
monosyllabic

Mike
    $2,200 11
the Rhine & the Rhône

Brandy
    $1000 16
Collins

Brandy
    $1000 30
Philip Roth

Brandy
    $1000 21
(Mike: Who is Nietzsche?)

George Bernard Shaw

Mike
Triple Stumper
    $1000 5
(pasta) primavera

Mike
    $1000 25
psychological

Mike

Scores at the first commercial break (after clue 16):

Mike David Brandy
$2,200 $0 $7,400

Scores at the end of the Jeopardy! Round:

Mike David Brandy
$5,400 $1,000 $8,400

Double Jeopardy! Round responses

WAR
PETER O'TOOLE TIME
DO YOU LIKE KIPLING?
GENUS I.Q.
(Alex: You have to identify--name--the scientific genus.)
"B" BOYS
5 SELLABLE WORDS
    $400 1
the Spanish-American War

Brandy
    $400 17
Lawrence of Arabia

Brandy
    $400 18
Hindi

Mike
    $400 12
Homo

David
    $400 2
Aaron Burr

Mike
    $400 7
mint

Mike
    $800 13
(David: What is Operation Desert Shield?)

Operation Desert Storm

DavidBrandy
    $800 27
(David: What is Hello, Mr. Chips?)

Goodbye, Mr. Chips

DavidBrandy
    $800 23
King

Mike
    $800 19
Citrus

David
    $800 3
Roger Bannister

Brandy
    $800 8
clear

Mike
    $1200 14
(Brandy: What is the Crimean War?)

World War I

Brandy
Triple Stumper
    $1200 28
(Alex: Good film, too.)

My Favorite Year

Triple Stumper
    $1200 24
(Brandy: What is Just So Stories?)

The Jungle Book

Brandy
Triple Stumper
    $1200 20
Equus

David
    $1200 4
Berke Breathed

Mike
    $1200 9
a lot

Mike
    $1600 15
the Tonkin Gulf Incident

David
    $1600 29
The Stunt Man

Triple Stumper
    $1600 25
Kim

Triple Stumper
    $2,000 21
Canis

David
    $1600 5
Bhutto

Mike
    $4,000 10
(Mike: What is an assay?)

the hallmark

Mike
    $2000 16
(David: What is the Hundred Years' War?)
...
(Alex: Off by 70 years, David. [*], not a hundred.)

the Thirty Years' War

David
Triple Stumper
    $2000 26
Ballads

Triple Stumper
    $2000 22
Cygnus

Mike
    $2000 6
Burgoyne

Triple Stumper
    $2000 11
alienable

Mike

Scores at the end of the Double Jeopardy! Round:

Mike David Brandy
$12,200 $3,400 $9,200

[wagering suggestions for these scores]

Final Jeopardy! Round responses

U.S. PRESIDENTS
(Alex: Brandy was closer. The correct response is [*], while he served in James Madison's cabinet during the War of 1812. But close is... nothing.)
DavidWho was T. Roosevelt?
$3,001
BrandyWho is J. Madison
$2,399
MikeWho is John Adams
$6,201
James Monroe

Final scores:

Mike David Brandy
$5,999 $399 $6,801
2nd place: $2,000 3rd place: $1,000 New champion: $6,801

Game dynamics:

Coryat scores:

Mike David Brandy
$16,200 $3,000 $8,000
19 R,
2 W
(including 1 DD)
10 R
(including 1 DD),
4 W
19 R
(including 1 DD),
3 W

Combined Coryat: $27,200

[game clues] [game scores] [suggest correction]

Game tape date: 2004-12-09
The J! Archive is created by fans, for fans. Scraping, republication, monetization, and malicious use prohibited; this site may use cookies and collect identifying information. See terms. The Jeopardy! game show and all elements thereof, including but not limited to copyright and trademark thereto, are the property of Jeopardy Productions, Inc. and are protected under law. This website is not affiliated with, sponsored by, or operated by Jeopardy Productions, Inc. Join the discussion at JBoard.tv.